MARC details
| 000 -CABECERA |
| campo de control de longitud fija |
01103nam a2200253 a 4500 |
| 001 - NÚMERO DE CONTROL |
| campo de control |
000040729 |
| 005 - FECHA Y HORA DE LA ÚLTIMA TRANSACCIÓN |
| campo de control |
20201002034333.0 |
| 008 - DATOS DE LONGITUD FIJA--INFORMACIÓN GENERAL |
| campo de control de longitud fija |
130905s2010 sp 001 0 spa d |
| 020 ## - NÚMERO INTERNACIONAL ESTÁNDAR DEL LIBRO |
| Número Internacional Estándar del Libro |
9788432314124 |
| 020 ## - NÚMERO INTERNACIONAL ESTÁNDAR DEL LIBRO |
| Número Internacional Estándar del Libro |
9682312914 (obra completa) |
| 040 ## - FUENTE DE LA CATALOGACIÓN |
| Centro catalogador/agencia de origen |
DO-SdBNP |
| Lengua de catalogación |
spa |
| Centro/agencia transcriptor |
BNPHU |
| 100 1# - ENTRADA PRINCIPAL--NOMBRE DE PERSONA |
| Nombre de persona |
Wallerstein, Immanuel Maurice, |
| Títulos y otros términos asociados al nombre |
1930- |
| 9 (RLIN) |
67125 |
| 245 13 - MENCIÓN DE TÍTULO |
| Título |
El moderno sistema mundial / |
| Mención de responsabilidad, etc. |
Immanuel Maurice Wallerstein ; traducción de Antonio Resines (v.1),. |
| 250 ## - MENCIÓN DE EDICIÓN |
| Mención de edición |
2a. ed. |
| 260 ## - PUBLICACIÓN, DISTRIBUCIÓN, ETC. |
| Lugar de publicación, distribución, etc. |
Madrid : |
| Nombre del editor, distribuidor, etc. |
Siglo Veintiuno, |
| Fecha de publicación, distribución, etc. |
2010. |
| 300 ## - DESCRIPCIÓN FÍSICA |
| Extensión |
3 v. : |
| Otras características físicas |
il. ; |
| Dimensiones |
21 cm. |
| 490 1# - MENCIÓN DE SERIE |
| Mención de serie |
Biblioteca Ulpiano Ayala |
| 500 ## - NOTA GENERAL |
| Nota general |
La biblioteca posee el v. 1 y 2 |
| 500 ## - NOTA GENERAL |
| Nota general |
Incluye índice |
| 504 ## - NOTA DE BIBLIOGRAFÍA, ETC. |
| Nota de bibliografía, etc. |
bibliografías : p. |
| 505 0# - NOTA DE CONTENIDO CON FORMATO |
| Información miscelánea |
v. 1: |
| Título |
La agricultura capitalista y los orígenes de la economía-mundo europea en el siglo XVI. -- |
| Información miscelánea |
v. 2 : |
| Título |
El mercantilismo y la consolidación de la economía-mundo europea, 1600-1750. -- |
| Información miscelánea |
v.3 |
| Título |
La segunda era de gran expansión de la economía-mundo capitalista, 1730-1850. |
| 700 1# - PUNTO DE ACCESO ADICIONAL--NOMBRE DE PERSONA |
| Nombre de persona |
Resines, Antonio, |
| Término indicativo de función/relación |
tr. |
| 9 (RLIN) |
49219 |
| 830 #0 - PUNTO DE ACCESO ADICIONAL DE SERIE-TÍTULO UNIFORME |
| Título uniforme |
Biblioteca Ulpiano Ayala. |
| 9 (RLIN) |
67126 |